000 00694nam a2200205Ia 4500
005 20250508163512.0
008 008 250505s9999 xx 000 0 eng d
020 _a92-3-102145-1
037 _aTextual
040 _aFEDL
_beng
_cFEDL
041 _aeng
_2eng
084 _a363.7, UNE
_qFEDL
245 0 _aGuide on simulation and gaming for environmental education
245 0 _cUnited Nations Educational, Scientific and Cultural Organization
260 _aParis, France
_bUnited Nations Educational, Scientific and Cultural Organization
_c1985
300 _a129p.
650 _aEnvironmental Education
_9766882
942 _cTEXL
_h363.7, UNE
999 _c1383734
_d1383734